Personnage Historique #3 - Statistiques

Statistiques générales
  • Ce quiz a été pris 122 fois
  • Le résultat moyen est 7 sur 16
Statistiques - réponses
Par images Réponse % Correct
Vincent Van Gogh
93%
Marie Curie
92%
Elvis Presley
90%
Steve Jobs
83%
Pablo Escobar
73%
Maximilien Robespierre
64%
Gengis Khan
55%
Edward Teach
49%
Marlon Brando
40%
Toussaint Louverture
27%
Cicéron
17%
Thomas Jefferson
17%
Bobby Fischer
15%
Georg Wilhelm Friedrich Hegel
13%
Ragnar Lodbrok
11%
Mehmed II
9%
Aucun quiz correspondant
Distribution des résultats
% des personnes avec chaque résultat
Percentile par nombre de réponses
Votre historique - résultats
Vous n’avez pas pris ce quiz